| 000 | 00955nam a22003017a 4500 | ||
|---|---|---|---|
| 001 | BR7401400 | ||
| 003 | BR-BrBNA | ||
| 005 | 20230928084556.0 | ||
| 007 | ta | ||
| 008 | 230509b bl.||||| |||| 00| 0 por d | ||
| 040 |
_aBR-BrBNA _bpor _cBiblioteca Nacional de Agricultura |
||
| 041 | _a(Por) | ||
| 072 |
_aE70; F00 _b0180 _b9210 _b/G514 |
||
| 090 | _ 0180 BR7401400 | ||
| 110 | 1 |
_aDepartamento Estadual de Estatistica de Santa Catarina, Florianopolis (Brasil); _93176 |
|
| 110 | 1 | _aServico de Expansao do Trigo, Florianopolis, SC (Brasil) | |
| 111 | 1 |
_a3. Congresso Nacional de Triticultura _cErechim, RS (Brazil) _d1953 |
|
| 245 | 1 | _aTrigo Catarinense [Producao; Comercio; Brasil] | |
| 260 | 3 |
_aFlorianopolis, SC (Brasil): _c1953. |
|
| 300 | _a33 p. | ||
| 500 | _aNumerical data | ||
| 650 | _aComercializacao | ||
| 650 | _aProducao vegetal | ||
| 650 | _aTrigo | ||
| 650 | _aFarinha | ||
| 909 |
_a202309 _bLucia _c55 _dLucia Elande |
||
| 942 | _cBK | ||
| 999 |
_c19859 _d19859 |
||